Исследование и обеспечение показателей качества при изготовлении асинхронных двигателей: Диссертация на соискание ученой степени кандидата технических наук

מידע ביבליוגרפי
מחבר ראשי: Вэрэш А. Г.
מחבר תאגידי: Томский политехнический институт
מחברים אחרים: Муравлев О. П. Олег Павлович (научный руководитель), Похолков Ю. П. Юрий Петрович
שפה:רוסית
יצא לאור: Томск, 1974
נושאים:
פורמט: ספר
KOHA link:https://koha.lib.tpu.ru/cgi-bin/koha/opac-detail.pl?biblionumber=127003

MARC

LEADER 00000nbm0a2200000 4500
001 127003
005 20240914063137.0
035 |a (RuTPU)RU\TPU\book\137387 
090 |a 127003 
100 |a 20071206d1974 k y0rusy50 ca 
101 0 |a rus 
102 |a RU 
105 |a a m 001zy 
200 1 |a Исследование и обеспечение показателей качества при изготовлении асинхронных двигателей  |e Диссертация на соискание ученой степени кандидата технических наук  |f А. Г. Вэрэш  |g Томский политехнический институт; науч. рук. О. П. Муравлев, Ю. П. Похолков 
210 |a Томск  |d 1974 
215 |a 257 л.  |c ил. 
320 |a Библиогр.: с. 190-207 ( 192 назв.) 
610 1 |a асинхронные двигатели 
610 1 |a изготовление 
610 1 |a показатели качества 
610 1 |a детали 
610 1 |a узлы 
610 1 |a изоляционные материалы 
610 1 |a статоры 
610 1 |a технологические процессы 
610 1 |a проведение 
610 1 |a эксперименты 
610 1 |a разработка 
610 1 |a исследование 
610 1 |a эффективность 
610 1 |a управление качеством 
610 1 |a диссертации 
610 1 |a методика 
675 |a 621.313.333(048)  |v 3 
700 1 |a Вэрэш  |b А. Г. 
702 1 |a Муравлев  |b О. П.  |c специалист в области электротехники  |c профессор Томского политехнического университета, доктор технических наук  |f 1937-2018  |g Олег Павлович  |3 (RuTPU)RU\TPU\pers\19841  |4 727  |9 7778 
702 1 |a Похолков  |b Ю. П.  |c специалист в области электротехники, доктор технических наук  |c ректор Томского политехнического университета (1990-2008), профессор  |f 1939-  |g Юрий Петрович  |x TPU  |y Томск  |3 (RuTPU)RU\TPU\pers\10508  |4 727  |9 2235 
712 0 2 |a Томский политехнический институт  |3 (RuTPU)RU\TPU\col\1123 
801 1 |a RU  |b 63413507  |c 20071206  |g PSBO 
801 2 |a RU  |b 63413507  |c 20150930  |g RCR 
942 |c BK